000 00318nam a22001337a 4500
008 170620b xxu||||| |||| 00| 0 eng d
020 _a9780395961100
041 _aeng
080 _a32
100 _a20
101 _ashm
245 _aPOLITICS AND ECONOMIC POLICY IN THE UNITED STATES
_cCOHEN, J.E
942 _2udc
_cBK
999 _c18346
_d18346